Normal view
MARC view
- M. S. Nateson
Entry Personal Name
001 - CONTROL NUMBER
- control field: 108423
003 - CONTROL NUMBER IDENTIFIER
- control field: NUST
005 - DATE AND TIME OF LATEST TRANSACTION
- control field: 20230201145522.0
008 - FIXED-LENGTH DATA ELEMENTS
- fixed length control field: 230201|| aca||aabn | a|a d
040 ## - CATALOGING SOURCE
- Original cataloging agency: NUST
- Transcribing agency: NUST
100 ## - HEADING--PERSONAL NAME
- Personal name: M. S. Nateson
670 ## - SOURCE DATA FOUND
- Source citation: Work cat.: (NUST)186951: M. S. Nateson, Pre Mussalman India / , 1917
